|
|
|
|
| LEADER |
00000nab a2200000 4500 |
| 001 |
vtls012132041 |
| 003 |
SK-MaSNL |
| 005 |
20260303215305.0 |
| 008 |
220425|2019 xo |||| ||an ||00 0|slo |
| 015 |
|
|
|a SNBRB2022/04
|
| 040 |
|
|
|a SPKCL
|b slo
|e rda
|
| 041 |
|
|
|a slo
|b slo
|b eng
|
| 044 |
|
|
|a xo
|c SK
|
| 072 |
|
7 |
|a 613
|x Hygiena. Ľudské zdravie
|2 konspekt
|
| 072 |
|
7 |
|a 364
|x Sociálne problémy vyžadujúce podporu a pomoc. Sociálne zabezpečenie
|2 konspekt
|
| 080 |
|
|
|a 364:613
|2 2011
|
| 100 |
1 |
|
|a Mesárošová, Margita,
|d 1956-
|4 aut
|9 209877
|
| 245 |
1 |
0 |
|a Psychická záťaž vo vzťahu k starostlivosti o seba u pomáhajúcich profesionálov
|c Margita Mesárošová
|
| 300 |
|
|
|b Tabuľky
|
| 336 |
|
|
|a text
|b txt
|2 rdacontent
|
| 337 |
|
|
|a bez média
|b n
|2 rdamedia
|
| 338 |
|
|
|a zväzok
|b nc
|2 rdacarrier
|
| 504 |
|
|
|a Obsahuje bibliografiu
|
| 546 |
|
|
|a Slovenské a anglické resumé
|
| 650 |
0 |
7 |
|a stres
|2 SNKPH
|9 14472
|
| 650 |
0 |
7 |
|a sociálna práca
|2 SNKPH
|9 1550
|
| 650 |
0 |
7 |
|a starostlivosť o zdravie
|2 SNKPH
|9 1302
|
| 650 |
0 |
7 |
|a výskum
|2 SNKPH
|9 4238
|
| 655 |
|
7 |
|a BZB
|2 SNKPH
|9 1080216
|
| 773 |
0 |
|
|t Negatívne dôsledky vykonávania pomáhajúcich profesií II: psychologické, sociálne a zdravotné aspekty vykonávania pomáhajúcich profesií
|d Košice : Univerzita Pavla Jozefa Šafárika, 2019
|g S. 36-45
|z 9788081527517
|
| 856 |
4 |
1 |
|u //www.unibook.upjs.sk/img/cms/2019/FF/negativne-dosledky-vykonavania-pomahajucich-profesii.pdf
|
| 958 |
|
|
|a NB
|
| 999 |
|
|
|c 2220856
|d 2222786
|